书目信息 |
| 题名: |
桌面印刷系统
|
|
| 作者: | 王移芝 | |
| 分册: | ||
| 出版信息: | 北京 电子工业出版社 1996.01 |
|
| 页数: | 154页 | |
| 开本: | 16开 | |
| 丛书名: | ||
| 单 册: | ||
| 中图分类: | TS803.2 | |
| 科图分类: | ||
| 主题词: | 印刷工业 , 印刷 | |
| 电子资源: | ||
| ISBN: | 7-5053-3289-9 | |
| 000 | 00572nam0 2200205 45 | |
| 001 | 0005181760 | |
| 005 | 20000518174122.0 | |
| 010 | @a7-5053-3289-9@d15.00元 | |
| 100 | @a20000518d1996 km y0chiy0120 ea | |
| 101 | @achi | |
| 105 | @a z 000yy | |
| 200 | 1 | @a桌面印刷系统@AZhuo Mian Yin Shua Xi Tong@f王移芝,王洪等@FWang Yi Zhi,Wang Hong Deng |
| 210 | @a北京@c电子工业出版社@d1996.01 | |
| 215 | @a154页@d16开 | |
| 606 | 0 | @a印刷工业 |
| 606 | 0 | @a印刷 |
| 690 | @aTS803.2@v3 | |
| 701 | @a王移芝 | |
| 801 | @aCN@bPftUser@c20000518 | |
| 905 | @f3@b56038-040@dTS803.2@eW981 | |
| 桌面印刷系统/王移芝,王洪等.-北京:电子工业出版社,1996.01 |
| 154页;16开 |
| ISBN 7-5053-3289-9:15.00元 |
| ● |
| 相关链接 |
|
|
|
正题名:桌面印刷系统
索取号:TS803.2/W981
 
预约/预借
| 序号 | 登录号 | 条形码 | 馆藏地/架位号 | 状态 | 备注 |
| 1 | 56038 | 200560384 | 期刊室512/501自科库 43排2列2层/ [索取号:TS803.2/W981] | 在馆 | |
| 2 | 56039 | 200560393 | 自科库501/501自科库 43排2列2层/ [索取号:TS803.2/W981] | 在馆 | |
| 3 | 56040 | 200560400 | 自科库501/501自科库 43排2列2层/ [索取号:TS803.2/W981] | 在馆 |